000
00315nam a2200133Ia 4500
008
221030s9999 xx 000 0 und d
041
_a
English
082
_a
105.23
100
_a
J. B. Gupta
245
0
_a
Electrical Installation Estimating & Costing
_c
by J. B. Gupta
260
_c
0
650
_a
B
942
_c
BK
999
_c
11136
_d
11136